Acteurs Français 2 - Statistiques

Statistiques générales
  • Ce quiz a été pris 285 fois
  • Le résultat moyen est 9 sur 15
Statistiques - réponses
Par images Réponse % Correct
Gerard Jugnot
94%
Jean Reno
94%
Thierry Lhermitte
94%
Pierre Richard
74%
François Cluzet
72%
Clovis Cornillac
69%
Jacques Villeret
64%
Pierre Arditi
54%
Benoit Magimel
52%
Pierre Mondy
41%
André Dussolier
39%
Roger Hanin
38%
Jean Carmet
36%
Jean Claude Brialy
31%
Bernard Giraudeau
27%
Aucun quiz correspondant
Distribution des résultats
% des personnes avec chaque résultat
Percentile par nombre de réponses
Votre historique - résultats
Vous n’avez pas pris ce quiz